Normal view
MARC view
Entry Topical Term
001 - CONTROL NUMBER
- control field: 1234898
003 - CONTROL NUMBER IDENTIFIER
- control field: OSt
005 - DATE AND TIME OF LATEST TRANSACTION
- control field: 20260416100135.0
008 - FIXED-LENGTH DATA ELEMENTS
- fixed length control field: 260416|| aca||aabn | a|a d
040 ## - CATALOGING SOURCE
- Original cataloging agency: OSt
- Transcribing agency: OSt
150 ## - HEADING--TOPICAL TERM
- Topical term or geographic name entry element: Sociology-Philosophy
670 ## - SOURCE DATA FOUND
- Source citation: Work cat.: (OSt)1848269: Mouzelis, Nicos P. 1234895, Modern and postmodern social theorizing, 2008
